| 000 | 01461nam1a22003371 4500 | ||
|---|---|---|---|
| 001 | RU\NLR\A1SV\106627 | ||
| 005 | 20251203171251.9 | ||
| 035 | _a(NLR Aleph) 009787980 | ||
| 090 |
_a10124616 _c10124616 |
||
| 100 | _a20100906d1924 u y0rusy50 ca | ||
| 101 | 0 | _arus | |
| 102 | _aRU | ||
| 200 | 1 |
_aVerbrüderung _eLehrbuch der deutschen Sprache für Kinder _fСост. Иолан Келен-Фрид по методе Глезер и Пецольд |
|
| 210 |
_aМ. _cГос. изд-во _d1924 |
||
| 215 | _d23 см | ||
| 225 | _aПособия для труд. шк. | ||
| 300 | _aСер. указана на обл. | ||
| 451 | 1 |
_1001RU\NLR\A1SV\155953 _912012985 _aКелен-Фрид, И.Л. (1891-1979) _cМ. _d1924 _e2-е изд. _fСост. Иолан Келен-Фрид по методе Глезер и Пецольд _nГос. изд-во _oLehrbuch der deutschen Sprache für Kinder _tVerbrüderung |
|
| 620 | _dМосква | ||
| 700 | 1 |
_aКелен-Фрид _bИ.Л. _f1891-1979 _gИоланта Людвиговна |
|
| 702 | 1 |
_7ca _8rus _aГлезер _bП. Р. _gПауль Рудольфович _92708395 _3RU\NLR\AUTH\770293416 |
|
| 702 | 1 |
_7ca _8rus _aПецольд _bЭ. К. _f1862-1940 _gЭрнест Карлович _92708535 _3RU\NLR\AUTH\770293440 |
|
| 801 | 0 |
_aRU _bNLR _c20100906 |
|
| 899 | _aРГБ | ||
| 899 | _aНГОУНБ | ||
| 942 | _cBOOK | ||
| 980 | _aNB | ||
| 980 | _aA1SV | ||
| 980 | _aA1SV | ||
| 980 | _aA1SV | ||